| 000 | 00614cam a2200193 i 4500 | ||
|---|---|---|---|
| 005 | 20251108175658.0 | ||
| 008 | 250721r2018 xx gr 000 0 ara d | ||
| 082 | 1 | 4 |
_a153.4 _bو د ا |
| 245 | 1 | 0 | _aوداعا للخجل / |
| 264 |
_a[غير معرف] : _bالالف كتاب طباعة ونشر وتوزيع, _c[2018]. |
||
| 300 | _a153صفحة. | ||
| 490 | 1 | _aسلسلة التنمية البشرية. | |
| 650 | 1 | 7 | _aعلم النفس. |
| 650 | 1 | 7 | _aالعواطف. |
| 650 | 1 | 7 | _aالخجل. |
| 830 | 0 | _aسلسلة التنمية البشرية. | |
| 942 |
_2ddc _cBK |
||
| 999 |
_c139827 _d139827 |
||